World Capital Homophone Challenge Quiz Stats

Quiz Updated Feb 21, 2017

Challenge
Share
Tweet
Embed
Score 0/64 Timer 10:00
1 Play Today
% Correct
San Francisco ___ Area
100%
What Taurus is
100%
Country singer Loretta
100%
Not high
100%
Use oars
100%
Hamburger bread
100%
What Lara Croft might raid
100%
Good ____ Miss Molly
100%
White of 'Wheel of Fortune'
100%
A Fish Called ____
100%
Anchorman ___ Burgundy
100%
Pop singer Abdul
100%
Precious gem
100%
One of five on a foot
100%
'___! Humbug!'
100%
Winnie-the-____
100%
QB Tebow or director Burton
100%
Sound made when shivering
100%
Crow's call
100%
Hanukkah observer
100%
Francis Scott ___
100%
Jon ___ Jovi
100%
org or edu alternative
100%
'____ down this wall!'
100%
Gehrig or Diamond Phillips
100%
Uh-___ (yep)
100%
Door unlocker
100%
Automobile
100%
___ Lemon, '30 Rock' character
100%
Chiang ___-Shek
100%
Land of the Yellow Brick Road
100%
Tree's anchor
100%
% Correct
Oslo, Norway
81.1%
Beirut, Lebanon
78.2%
Bay + root
77.4%
Oz + low
76.4%
Tim + pooh
72.4%
Car + tomb
70.3%
Jew + bah
66.8%
Lisbon, Portugal
65.4%
Kabul, Afghanistan
62.3%
Liz + bun
60.3%
Key + golly
59.1%
Cairo, Egypt
59%
Caw + bull
58.7%
Lou + Wanda
57%
Tehran, Iran
56.4%
Com + Paula
56.1%
Tear + Ron
55.8%
Khartoum, Sudan
53.4%
Key + toe
53.3%
Berlin, Germany
52.8%
Havana, Cuba
51.4%
Kai + row
48.5%
Juba, South Sudan
46.7%
Huh + Vanna
46.1%
Brrr + Lynn
44.2%
Kampala, Uganda
42.9%
Quito, Ecuador
42.7%
Kigali, Rwanda
36%
Luanda, Angola
35.9%
Thimphu, Bhutan
27.5%
Bon + jewel
27.3%
Banjul, The Gambia
15.9%

You're not logged in!

Compare scores with friends on all Sporcle quizzes.
Sign Up with Email
OR
Log In

You Might Also Like...

Show Comments

Extras

Top Quizzes Today


Score Distribution

Your Account Isn't Verified!

In order to create a playlist on Sporcle, you need to verify the email address you used during registration. Go to your Sporcle Settings to finish the process.

Report this User

Report this user for behavior that violates our Community Guidelines.

Details: